00754nam a2200217Ia 4500008004100000020001400041040001800055041000800073245010000081260005700181300003800238500005900276504003000335650001700365650004800382700002300430700002100453700001900474700001900493700002400512130821s1972 xxua gr eng  a801634318 aCo-BoUCMbspa00aeng00aIntroduction to neuroscienceceditor Jeff Minckler ; colaborador Harold B. Anstall ... [et al.] aSan Luis (Misuri, Estados Unidos)bC. V. Mosbyc1972 axii, 420 páginasbilustraciones aLibro disponible en 48 horas a partir de la solicitud. aIncluye índice general.04aNeurología04aSistema nerviosoxAnatomía e histología1 aAnstall, Harold B.1 aBauer, Thomas E.1 aBest, LaVar G.1 aCowden, Ronald1 aMinckler, Jeffeed.